[Event "BEL-ch op"]
[Site "Lommel"]
[Date "2012.07.07"]
[Round "8"]
[White "Maurissen, Wim"]
[Black "De Schampheleire, Glen"]
[Result "0-1"]
[WhiteElo "1901"]
[BlackElo "2305"]
[PlyCount "32"]
[EventDate "2012.06.30"]
[EventType "swiss"]
[EventRounds "9"]
[EventCountry "BEL"]
[SourceTitle "EXT 2013"]
[Source "ChessBase"]
[SourceDate "2012.11.22"]
[SourceVersion "1"]
[SourceVersionDate "2012.11.22"]
[SourceQuality "1"]

1. d4 Nf6 2. Bg5 Ne4 3. Bf4 c5 4. f3 Qa5+ 5. c3 Nf6 6. d5 Qb6 7. b3 e6 8. e4 exd5 9. exd5 Bd6 10. Bg5 0-0 11. Bd3 Re8+ 12. Ne2 Nxd5 13. Bxh7+ Kxh7 14. Qxd5 Qa6 15. c4 Be5 16. Nbc3 Bxc3+ 0-1

[Event "BEL-ch op"]
[Site "Westerlo"]
[Date "2010.07.08"]
[Round "6"]
[White "Maurissen, Wim"]
[Black "Beukema, Stefan"]
[Result "0-1"]
[WhiteElo "1939"]
[BlackElo "2084"]
[PlyCount "81"]
[EventDate "2010.07.03"]
[EventType "swiss"]
[EventRounds "9"]
[EventCountry "BEL"]
[SourceTitle "CBM 137 Extra"]
[Source "ChessBase"]
[SourceDate "2010.09.01"]
[SourceVersion "1"]
[SourceVersionDate "2010.09.01"]
[SourceQuality "1"]

1. d4 f5 2. e4 fxe4 3. f3 Nf6 4. fxe4 Nxe4 5. Bd3 Nf6 6. Nf3 d6 7. Bg5 g6 8. Bxf6 exf6 9. 0-0 Be7 10. Nc3 d5 11. Qe2 c6 12. Rae1 b5 13. h3 a5 14. g4 Ra7 15. Qe3 0-0 16. Qh6 f5 17. g5 Bd6 18. Ne5 Bxe5 19. dxe5 Re7 20. h4 Qe8 21. h5 Re6 22. hxg6 Rxg6 23. Qh4 Be6 24. Ne2 h6 25. Qh3 Rxg5+ 26. Kf2 Kg7 27. Nf4 Nd7 28. Rh1 Rh8 29. Rhg1 Nc5 30. Nh5+ Kf8 31. Nf6 Nxd3+ 32. cxd3 Qg6 33. d4 Kf7 34. Qa3 f4 35. Qxa5 Qc2+ 36. Re2 Qd3 37. Qd2 Qh3 38. Rxg5 hxg5 39. Qc3 Qh4+ 40. Kf1 Qh1+ 41. Kf2 0-1

[Event "BEL-ch op"]
[Site "Westerlo"]
[Date "2010.07.04"]
[Round "2"]
[White "Geirnaert, Steven"]
[Black "Maurissen, Wim"]
[Result "1-0"]
[WhiteElo "2362"]
[BlackElo "1939"]
[PlyCount "53"]
[EventDate "2010.07.03"]
[EventType "swiss"]
[EventRounds "9"]
[EventCountry "BEL"]
[SourceTitle "CBM 137 Extra"]
[Source "ChessBase"]
[SourceDate "2010.09.01"]
[SourceVersion "1"]
[SourceVersionDate "2010.09.01"]
[SourceQuality "1"]

1. f4 Nf6 2. Nf3 b6 3. b3 Bb7 4. e3 e6 5. Bb2 Be7 6. Nc3 c5 7. Bd3 Ba6 8. 0-0 0-0 9. Ne5 Bxd3 10. cxd3 Nc6 11. Qf3 Rc8 12. Ne2 Qc7 13. Ng3 d6 14. Ng4 e5 15. Nf5 Bd8 16. Nxd6 e4 17. dxe4 Qxd6 18. e5 Qxd2 19. Rf2 Qd3 20. exf6 Bxf6 21. Rd1 Qg6 22. Bxf6 gxf6 23. Rd6 Ne7 24. f5 Qg7 25. Nxf6+ Kh8 26. Nd7 Qa1+ 27. Rd1 1-0

[Event "BEL-ch op"]
[Site "Namur"]
[Date "2009.07.12"]
[Round "9"]
[White "Piacentini, Claudio"]
[Black "Maurissen, Wim"]
[Result "1-0"]
[WhiteElo "2084"]
[BlackElo "1914"]
[PlyCount "59"]
[EventDate "2009.07.04"]
[EventType "swiss"]
[EventRounds "9"]
[EventCountry "BEL"]
[SourceTitle "EXT 2010"]
[Source "ChessBase"]
[SourceDate "2010.11.25"]
[SourceVersion "1"]
[SourceVersionDate "2010.11.25"]
[SourceQuality "1"]

1. e4 e6 2. d4 d5 3. Nc3 Bb4 4. e5 Bxc3+ 5. bxc3 c5 6. Qg4 Ne7 7. Qxg7 Rg8 8. Qxh7 Nbc6 9. Ne2 cxd4 10. cxd4 Qc7 11. c3 Bd7 12. Qd3 Rc8 13. h4 Nf5 14. Bg5 Qa5 15. Rh3 Nce7 16. g4 Bb5 17. Qd2 Nxh4 18. Bxh4 Rxg4 19. Bxe7 Kxe7 20. Rc1 Qa6 21. Rg3 Rcg8 22. Rxg4 Rxg4 23. f3 Rg8 24. Rb1 Bc4 25. Qb2 b5 26. Qb4+ Ke8 27. a4 Rg5 28. axb5 Qa2 29. Qb2 Qa5 30. b6 1-0

[Event "BEL-ch opB"]
[Site "Westerlo"]
[Date "2004.07.??"]
[Round "2"]
[White "Maurissen, Wim"]
[Black "Barbier, Wim"]
[Result "0-1"]
[WhiteElo "1927"]
[BlackElo "2185"]
[PlyCount "46"]
[EventDate "2004.07.??"]
[EventType "swiss"]
[EventRounds "9"]
[EventCountry "BEL"]
[SourceTitle "EXT 2005"]
[Source "ChessBase"]
[SourceDate "2004.11.15"]
[SourceVersion "1"]
[SourceVersionDate "2004.11.15"]
[SourceQuality "1"]

1. d4 Nf6 2. Nf3 g6 3. Bg5 Bg7 4. e3 d5 5. Bd3 c5 6. c3 Qb6 7. Qc1 Nc6 8. Nbd2 Bf5 9. Bxf5 gxf5 10. 0-0 Rc8 11. dxc5 Qxc5 12. Nb3 Qb6 13. Bxf6 Bxf6 14. Nbd4 e6 15. Nxc6 bxc6 16. Rb1 Qa6 17. a3 Rg8 18. Nd2 c5 19. c4 d4 20. exd4 Bxd4 21. b4 Qc6 22. g3 f4 23. Nb3 fxg3 0-1

[Event "BEL-ch opB"]
[Site "Westerlo"]
[Date "2004.07.??"]
[Round "1"]
[White "Vanhoudt, Maurice"]
[Black "Maurissen, Wim"]
[Result "0-1"]
[WhiteElo "1512"]
[BlackElo "1927"]
[PlyCount "62"]
[EventDate "2004.07.??"]
[EventType "swiss"]
[EventRounds "9"]
[EventCountry "BEL"]
[SourceTitle "EXT 2005"]
[Source "ChessBase"]
[SourceDate "2004.11.15"]
[SourceVersion "1"]
[SourceVersionDate "2004.11.15"]
[SourceQuality "1"]

1. c4 f5 2. Nc3 g6 3. d4 Bg7 4. Nf3 d6 5. e3 Nf6 6. Be2 0-0 7. 0-0 Nc6 8. Rb1 a6 9. Bd2 Qe8 10. Re1 Kh8 11. a3 e5 12. d5 Ne7 13. b4 b6 14. Qc1 h6 15. Bd1 g5 16. Bc2 Qh5 17. Bd1 g4 18. Nxe5 dxe5 19. Ne2 Ne4 20. Ng3 Nxg3 21. hxg3 e4 22. Bc3 Qg6 23. Qb2 Bxc3 24. Qxc3+ Qf6 25. Qd2 Rd8 26. Bb3 Bb7 27. Rbd1 a5 28. b5 Ng6 29. Rc1 Ne5 30. Qc3 Kg7 31. Bc2 Nf3+ 0-1